LEADER 01982nam a22003257a 4500
001 45113
003 BD-DhAAL
005 20251126143642.0
008 251123t2021 bg ||||| |||| 00| 0 eng d
040 |a BD-DhAAL  |c BD-DhAAL 
082 |a 364.138 
111 |a International Conference on Bangladesh Genocide and Justice  |d (2021 :  |c Dhaka, Bangladesh)  |9 59905 
245 |a 7th international conference on Bangladesh genocide & justice :  |b 6-7 December, 2021 : schedule, abstracts, and authors bio / 
246 |a Seventh international conference on Bangladesh genocide and justice 
246 |a 7th international conference on Bangladesh genocide & justice :  |b reminiscence, recognition and traditional justice : 6-7 December, 2021 / 
260 |a Dhaka :  |b Liberation War Museum,  |c 2021. 
300 |a 64 pages ;  |c 16 cm 
541 |a Complimentary copy from Professor Afsan Chowdhury,(Department of English and Humanities, BRAC University)  |e 45113 
650 |a War crimes (International law)  |v Congresses.  |9 59906 
650 |a Crimes against humanity  |v Congresses.  |9 59907 
650 |a War crimes  |z Bangladesh  |v Congresses.  |9 59908 
650 |a Hate crimes  |v Congresses.  |9 59909 
650 |a Bangladesh  |x History  |y Revolution, 1971  |x Foreign public opinion  |v Congresses.  |9 59910 
650 |a Crimes against humanity  |x Law and legislation  |z Bangladesh  |v Congresses.  |9 59911 
650 |a Rohingya (Burmese people)  |x Crimes against  |z Burma  |z Rakhine State.  |9 59912 
655 |a Conference papers and proceedings. 
710 |a Liberation War Museum (Dhaka, Bangladesh)  |9 59881 
942 |2 ddc  |c BK 
999 |c 47647  |d 47647 
952 |0 0  |1 0  |2 ddc  |4 0  |6 364_138000000000000_SEV  |7 0  |9 78532  |a BRACUL  |b BRACUL  |c BNC  |d 2025-11-23  |e Complimentary copy from Professor Afsan Chowdhury, Department of English and Humanities, BRAC University  |l 0  |o 364.138 SEV  |p 3010045113  |r 2025-11-23  |t 1  |w 2025-11-23  |y BK  |x Complimentary copy from Prof. Afsan Chowdhury (Department of English and Humanities, BRAC University) on 12 November 2025